000 00787nam a2200217 i 4500
001 129004
003 ES-MaACL
005 20230906193422.0
007 t|
008 070601s1953 dr a |||| |dspa d
080 _a929 Colón, Cristobal
100 1 _aTejera, Emiliano.
_9109578
245 1 4 _aLos restos de Colón en Santo Domingo y los dos restos de Cristóbal Colón /
_cEmiliano Tejera.
250 _a4ª ed. preparada por Fray Cipriano de Utrera.
260 _aCiudad Trujillo (República Dominicana) :
_bEdit. Montalvo,
_c1953.
300 _aXVI, 354 p. :
_bil. ;
_c23 cm.
600 1 4 _aColón, Cristóbal-
_xSepulcro.
_9169312
600 1 4 _aColón, Cristóbal-
_xMuerte y entierro.
_9169313
700 1 _aUtrera, Cipriano de
_c, Fray.
_9112327
852 _aES-MaACL
_jC-8726
999 _c129004
_d129004